Választási mozgalom
Bertalan Czibur, krajinský poslanec michalovského volebného okresu vyhlásil, že v nových voľbách nebude kandidovať. Preto László Szentiványi vyzýva voličov, aby sa v najbližšej dobe zúčastnili na volebnom zhromaždení.
| Format: | Article |
|---|---|
| Language: | Hungarian |
| Subjects: | |
| Source: |
1. Felvidéki ujság 1. Roč. 5, č. 45 (25.02.1910) s. 4 |
| LEADER | 00942nab#a2200301#ar4500 | ||
|---|---|---|---|
| 001 | 000076745 | ||
| 003 | SVKKK | ||
| 005 | 20050818xxxxxxx. | ||
| 008 | 06 c xo huno | ||
| FMT | |||
| 038 | |a SVKKK | ||
| 040 | |a SVKKK |b slo |e AACR2 | ||
| 041 | 0 | |a hun | |
| 044 | |a xo |c SK | ||
| 080 | |a 324 | ||
| 242 | 1 | 0 | |a Volebné hnutie |
| 245 | 0 | 0 | |a Választási mozgalom |
| 500 | |a Er 73 | ||
| 520 | 2 | |a Bertalan Czibur, krajinský poslanec michalovského volebného okresu vyhlásil, že v nových voľbách nebude kandidovať. Preto László Szentiványi vyzýva voličov, aby sa v najbližšej dobe zúčastnili na volebnom zhromaždení. | |
| 650 | 0 | 4 | |a voľby - zhromaždenia predvolebné - Michalovce (okres) - rok 1910 - výzvy |
| 773 | 0 | |t Felvidéki ujság |g Roč. 5, č. 45 (25.02.1910) s. 4 | |
| 957 | |a Michalovce | ||
| 958 | |a DG | ||
| 958 | |a SK | ||
| 974 | |a zuz |d 20050818 | ||
| 992 | |a RBX | ||
| BAS | |||
| 998 | |a RETRO | ||